[Event "Gap op 2nd"]
[Site "Gap"]
[Date "2008.04.19"]
[Round "9"]
[White "Mercky, Gilles"]
[Black "Le Moal, Marie"]
[Result "1-0"]
[WhiteElo "1905"]
[BlackElo "1710"]
[PlyCount "45"]
[EventDate "2008.04.14"]
[EventType "swiss"]
[EventRounds "9"]
[EventCountry "FRA"]
[SourceTitle "CBM 123 Extra"]
[Source "ChessBase"]
[SourceDate "2008.05.06"]
[SourceVersion "1"]
[SourceVersionDate "2008.05.06"]
[SourceQuality "1"]

1. b4 e6 2. Bb2 Nf6 3. a3 d5 4. e3 c5 5. bxc5 Bxc5 6. Nf3 Nc6 7. d4 Bd6 8. c4 b6 9. Nc3 dxc4 10. Bxc4 0-0 11. Qc2 Bb7 12. h4 Rc8 13. Bd3 g6 14. Ke2 Na5 15. g4 Nxg4 16. e4 e5 17. Rag1 exd4 18. Rxg4 dxc3 19. Bc1 Re8 20. h5 f5 21. Qa2+ Kf8 22. Bh6+ Ke7 23. Bg5+ 1-0

[Event "FRA-chT3 Gr01 0607"]
[Site "France"]
[Date "2007.03.18"]
[Round "7.8"]
[White "Gal, Francine"]
[Black "Le Moal, Marie"]
[Result "0-1"]
[WhiteElo "1499"]
[BlackElo "1770"]
[PlyCount "60"]
[EventDate "2006.10.15"]
[EventType "team"]
[EventRounds "9"]
[EventCountry "FRA"]
[SourceTitle "EXT 2008"]
[Source "ChessBase"]
[SourceDate "2007.11.25"]
[SourceVersion "1"]
[SourceVersionDate "2007.11.25"]
[SourceQuality "1"]

1. e4 e5 2. Nf3 Nc6 3. Nc3 Bc5 4. Bc4 d6 5. 0-0 Bg4 6. d3 Nd4 7. Ne2 Nxf3+ 8. Kh1 Nd4 9. f3 Nxe2 10. Qxe2 Bh5 11. Be3 Bxe3 12. Qxe3 Nf6 13. b3 c6 14. d4 0-0 15. d5 cxd5 16. exd5 Nd7 17. Qe4 f5 18. Qe1 Rf6 19. g4 fxg4 20. fxg4 Bxg4 21. Qe4 Bh5 22. Rf5 Bg6 23. Raf1 Bxf5 24. Rxf5 Nc5 25. Qg4 Rxf5 26. Qxf5 Qf6 27. Qh3 Rf8 28. b4 Ne4 29. Qe6+ Kh8 30. Kg2 Qg5+ 0-1

[Event "FRA-chT3 Gr01 0607"]
[Site "France"]
[Date "2007.01.21"]
[Round "5.8"]
[White "Le Moal, Marie"]
[Black "Martinez, Carole"]
[Result "1-0"]
[WhiteElo "1770"]
[BlackElo "1590"]
[PlyCount "63"]
[EventDate "2006.10.15"]
[EventType "team"]
[EventRounds "9"]
[EventCountry "FRA"]
[SourceTitle "EXT 2008"]
[Source "ChessBase"]
[SourceDate "2007.11.25"]
[SourceVersion "1"]
[SourceVersionDate "2007.11.25"]
[SourceQuality "1"]

1. e4 e5 2. Nf3 d6 3. Bc4 h6 4. c3 Nc6 5. d4 exd4 6. cxd4 Bd7 7. 0-0 Nge7 8. Qb3 d5 9. Bxd5 Nxd5 10. Qxd5 Qe7 11. Nc3 a6 12. Qb3 Na5 13. Qc2 g5 14. Nd5 Qd6 15. Nxc7+ Kd8 16. Nxa8 Bg7 17. e5 Qc6 18. Qxc6 Bxc6 19. Nb6 Kc7 20. b4 Kxb6 21. bxa5+ Kxa5 22. Bd2+ Kb6 23. Rab1+ Ka7 24. Rfc1 Bd5 25. a4 Rd8 26. Ba5 Rd7 27. Bb6+ Kb8 28. Rc3 Bxf3 29. gxf3 Re7 30. Rbc1 Re8 31. Rc7 Bf8 32. Rxf7 1-0

[Event "FRA-ch U16 Girls"]
[Site "Calvi"]
[Date "2005.04.23"]
[Round "8"]
[White "Llorens, Jenna"]
[Black "Le Moal, Marie"]
[Result "1-0"]
[WhiteElo "1810"]
[BlackElo "1590"]
[PlyCount "75"]
[EventDate "2005.04.??"]
[EventType "swiss"]
[EventRounds "9"]
[EventCountry "FRA"]
[SourceTitle "EXT 2006"]
[Source "ChessBase"]
[SourceDate "2005.11.24"]
[SourceVersion "1"]
[SourceVersionDate "2005.11.24"]
[SourceQuality "1"]

1. d4 d5 2. Nf3 Nf6 3. c4 e6 4. Nc3 c6 5. cxd5 cxd5 6. Bg5 Be7 7. e3 Nc6 8. a3 a6 9. Bd3 0-0 10. 0-0 Bd7 11. Rc1 Ne8 12. Bxe7 Nxe7 13. b4 Rc8 14. Qb3 b5 15. a4 Nd6 16. axb5 axb5 17. Ra1 Ra8 18. Qc2 Ng6 19. Nd2 Qb6 20. Nb3 Nc4 21. Nc5 Bc6 22. g3 Rfe8 23. h4 Nf8 24. Qe2 Nd7 25. g4 Qc7 26. f4 Nxc5 27. dxc5 e5 28. Bxc4 dxc4 29. f5 e4 30. Kg2 Qe5 31. Qb2 Rad8 32. Ra6 Rd3 33. Rxc6 Rxc3 34. Rc1 Qd5 35. Rd6 Rb3 36. Qxb3 Qxd6 37. cxd6 cxb3 38. d7 1-0

[Event "FRA-ch U16 Girls"]
[Site "Calvi"]
[Date "2005.04.22"]
[Round "7"]
[White "Le Moal, Marie"]
[Black "Perrusset, Barbara"]
[Result "1/2-1/2"]
[WhiteElo "1590"]
[BlackElo "1883"]
[PlyCount "115"]
[EventDate "2005.04.??"]
[EventType "swiss"]
[EventRounds "9"]
[EventCountry "FRA"]
[SourceTitle "EXT 2006"]
[Source "ChessBase"]
[SourceDate "2005.11.24"]
[SourceVersion "1"]
[SourceVersionDate "2005.11.24"]
[SourceQuality "1"]

1. e4 c5 2. Nc3 Nc6 3. g3 g6 4. Bg2 Bg7 5. d3 e6 6. Nge2 Nge7 7. Bd2 0-0 8. Qc1 d5 9. exd5 exd5 10. Bh6 Bxh6 11. Qxh6 Nb4 12. Qd2 Rb8 13. 0-0 b5 14. Nf4 d4 15. Ne4 Qb6 16. a3 Nbd5 17. Rfe1 Kg7 18. h4 h6 19. Nxd5 Nxd5 20. Qe2 Be6 21. Nd2 Nf6 22. Nf3 Rfe8 23. Qd2 Qd6 24. a4 a6 25. b3 Nd5 26. Ne5 Nc3 27. Nf3 bxa4 28. bxa4 a5 29. Qc1 Rb4 30. Nd2 f5 31. Nb3 Qb6 32. Qf4 Rxa4 33. Qe5+ Kf7 34. Nxc5 Rxa1 35. Rxa1 Ba2 36. Nd7 Rxe5 37. Nxb6 Re2 38. Rc1 Bb1 39. Nc4 Rxc2 40. Rxc2 Bxc2 41. Nxa5 Bxd3 42. Nb3 Ne2+ 43. Kh2 Bb5 44. Bf3 d3 45. Kg2 Ba4 46. Nc5 Bc2 47. Kf1 Nd4 48. Bd5+ Kf6 49. Ke1 Ke5 50. Bg2 Nb3 51. Nxb3 Bxb3 52. Kd2 Kd4 53. Bc6 Bc4 54. f3 Bf7 55. Bb7 g5 56. hxg5 hxg5 57. f4 gxf4 58. gxf4 1/2-1/2

[Event "France-ch U16 Girls"]
[Site "Reims"]
[Date "2004.04.19"]
[Round "3"]
[White "Le Moal, Marie"]
[Black "Benmesbah, Natacha"]
[Result "0-1"]
[WhiteElo "1160"]
[BlackElo "1970"]
[PlyCount "60"]
[EventDate "2004.04.??"]
[EventType "swiss"]
[EventRounds "9"]
[EventCountry "FRA"]
[SourceTitle "EXT 2005"]
[Source "ChessBase"]
[SourceDate "2004.11.15"]
[SourceVersion "1"]
[SourceVersionDate "2004.11.15"]
[SourceQuality "1"]

1. e4 e5 2. Nf3 Nc6 3. Bc4 Nf6 4. Nc3 Nxe4 5. Nxe4 d5 6. Bxd5 Qxd5 7. d3 Bf5 8. Qe2 0-0-0 9. Nc3 Qd7 10. Be3 Nd4 11. Qd1 f6 12. Ne2 Nxf3+ 13. gxf3 Qc6 14. Ng3 Bg6 15. Qe2 Bb4+ 16. Kf1 Kb8 17. a3 Bc5 18. b4 Bd4 19. Bxd4 exd4 20. Kg2 h5 21. Rhb1 h4 22. b5 Qd5 23. Ne4 Rde8 24. Qd1 Bh5 25. a4 h3+ 26. Kf1 Qf5 27. Nd2 Qg5 28. Ne4 Qg2+ 29. Ke1 Bxf3 30. Qc1 Bxe4 0-1